000 00547nam a22002057a 4500
003 CO-ViMGA
005 20230915225014.0
008 150616b xxu||||| |||| 00| 0 eng d
020 _a9789588787282
040 _aCO-ViMGA
_bspa
_cCO-ViMGA
082 0 4 _a591.473
_bG87c
100 1 _4GUTIÉRREZ XULIO
245 1 0 _aOCULTOS ANIMALES EXTRAORDINARIOS
250 _aANIMALES EXTRAORDINARIOS
260 _aBOGOTA
_bKALANDRAKA
_c20123
300 _a[31] PAGINA
650 1 4 _2LIBROS DE ANIMALES OCULTOS
700 1 _4FERNÁNDES NICOLÁS
942 _2ddc
_cBK
999 _c3
_d3